Reducing regional disparities through public policy (Record no. 72752)

MARC details
000 -LEADER
fixed length control field 01541cam a2200289 4500
001 - CONTROL NUMBER
control field ABS66694
008 - FIXED-LENGTH DATA ELEMENTS--GENERAL INFORMATION
fixed length control field 030523n2003 000 0 eng u
035 ## - SYSTEM CONTROL NUMBER
System control number (Sirsi) u122396
100 ## - MAIN ENTRY--PERSONAL NAME
Personal name Tomaney, J.
245 ## - TITLE STATEMENT
Title Reducing regional disparities through public policy
260 ## - PUBLICATION, DISTRIBUTION, ETC.
Date of publication, distribution, etc. 2003
490 ## - SERIES STATEMENT
Series statement Town & Country Planning
Volume/sequential designation 72(4) May 2003, 126-129(4)
520 ## - SUMMARY, ETC.
Summary, etc. Examines the role of public policy in meeting the ODPM's new Public Service Agreement (PSA) target of reducing the 'persistent gap in growth rates between the regions'. Acknowledges that regional disparities within the UK have been entrenched since the 1920s and looks at the challenges this presents. Discusses the issues involved in achieving the PSA target within the current system of regional and national policy and considers the role of regional development agencies in reducing regional disparities. Highlights the potential role of regional assemblies in delivering economic success and the trend towards national spatial planning in Ireland and the Netherlands. Also discusses lessons learnt from previous regional policies, proposals for change and funding. References.
590 ## - LOCAL NOTE (RLIN)
Local note ABS
650 ## - SUBJECT ADDED ENTRY--TOPICAL TERM
Topical term or geographic name entry element REGIONAL DEVELOPMENT AGENCIES
650 ## - SUBJECT ADDED ENTRY--TOPICAL TERM
Topical term or geographic name entry element ECONOMIC POLICY
650 ## - SUBJECT ADDED ENTRY--TOPICAL TERM
Topical term or geographic name entry element REGIONAL DIFFERENCES
650 ## - SUBJECT ADDED ENTRY--TOPICAL TERM
Topical term or geographic name entry element PUBLIC POLICY
650 ## - SUBJECT ADDED ENTRY--TOPICAL TERM
Topical term or geographic name entry element GROWTH RATE
650 ## - SUBJECT ADDED ENTRY--TOPICAL TERM
Topical term or geographic name entry element REGIONAL POLICY
650 ## - SUBJECT ADDED ENTRY--TOPICAL TERM
Topical term or geographic name entry element NORTH-SOUTH DIVIDE
650 ## - SUBJECT ADDED ENTRY--TOPICAL TERM
Topical term or geographic name entry element ENGLISH REGIONS
690 ## - LOCAL SUBJECT ADDED ENTRY--TOPICAL TERM (OCLC, RLIN)
Topical term or geographic name as entry element ECONOMIC ISSUES
700 ## - ADDED ENTRY--PERSONAL NAME
Personal name Pike, A.
700 ## - ADDED ENTRY--PERSONAL NAME
Personal name Benneworth, P.
942 ## - ADDED ENTRY ELEMENTS (KOHA)
Suppress in OPAC 0
Holdings
Withdrawn status Lost status Source of classification or shelving scheme Damaged status Not for loan Home library Current library Shelving location Date acquired Total Checkouts Full call number Barcode Date last seen Copy number Price effective from Koha item type
    Dewey Decimal Classification     London London Journal article 23/05/2003   ABS66694 122396-1001 06/08/2019 1 06/08/2019 Journal article